Vista normal Vista MARC

Entrada Personal Name

Número de registros utilizados en: 1

001 - CONTROL NUMBER

  • control field: 67021

003 - CONTROL NUMBER IDENTIFIER

  • control field: OSt

005 - DATE AND TIME OF LATEST TRANSACTION

  • control field: 20251107215907.0

008 - FIXED-LENGTH DATA ELEMENTS

  • fixed length control field: 251107|| aca||aabn | a|a d

040 ## - CATALOGING SOURCE

  • Original cataloging agency: OSt
  • Transcribing agency: OSt

100 ## - HEADING--PERSONAL NAME

  • Personal name: Chiavenato, Idalberto,
  • Dates associated with a name: 1929-

670 ## - SOURCE DATA FOUND

  • Source citation: Work cat.: (OSt)59877: Chiavenato, Idalberto, 1929- aut, Introducción a la teoría general de la administración /









Instituto Departamental de Cultura del Meta - Red Departamental de Bibliotecas Públicas del Meta.